=LDR 00000nam 2200000 4500 =001 INLIS000000000038405 =005 20130612144057 =008 ***********************************Ind** =035 ##$$a0010-061300000038405 =041 ##$$a Ind =082 ##$$a 641.5 =090 ##$$a 641.5, Ser s =245 ##$$a Seri masak femina frimarasa dapur Nusantara, Hidangan daging pilihan, Editor, Milly Indra Supit, Haryani Supit =260 ##$$a 2009 $b Jakarta =300 ##$$a 48 hlm, Ilus, 24 cm =650 ##$$a Masakan Nusantara - Daging =700 ##$$a Supit, Milly Indra =850 ##$$a NBPNMAT =990 ##$$a 92714/BPAP-NTB/2014